01459agaaa2200301 45000010005000000030009000050050017000140070009000310080040000400400023000800410013001031000049001161300021001652400031001862450192002172460024004092500022004332600127004553000034005825080206006165110089008225200042009115380016009535460013009696500056009827000058010387000061010961606IT-RoPAU20220918181229.0d cvaizq50131s9999||||xx ||| | || ||und|| aIT-RoPAUcIT-RoPAU aITALIANO aTruffaut FrancoisgCodice regista SPICS: 318 aAMORE FUGGE (L') aAMOUR EN FUITE (L')gT1730 aAMORE FUGGE (L')cSceneggiatura: Truffaut Francois Pisier Marie France Aurel Jean Schiffman Suzan -- Diretto da: Truffaut FrancoispAMORE FUGGE (L') (Rif. Codice opera principale : 21606) aAMOUR EN FUITE (L') aEdizione Standard aFRANCE (FRANCIA)bFILM DU CARROSSE - ARTISTES ASSOC. / Distribuzione: RAIg"1978 (1° ed.: 1982 ; Ed. Lingua Orig.: 1978)" aVHSbsonoro, col.c120 minuti a"Fotografia: Almendros Nestor; Montaggio: Barraque Martin; Musica: Delerue Georges; Sceneggiatura: Truffaut Francois Pisier Marie France Aurel Jean Schiffman Suzan; Scenografia: Kohut-Svelko Jean Pi; " a"Leaud Jean; Pierre; Pisier Marie; France; Jade Claude; Bertheau Julien; Varte Rosy" aFILM A COLORI DRAMMATICO SENTIMENTALE aPAL, STEREO aITALIANO aDRAMMATICOeFILMS [VHS]xCodice MATERIA SPICS: 9960 aDelerue Georgese(musica)gCodice Musica SPICS: 10858 aTruffaut Francois e(regista)gCodice regista SPICS: 318